00625nam a2200145Ia 4500008004100000020001800041050001600059100004400075245006700119260003100186300002700217505019300244650002200437650002000459120625s2011 mx 000 0 esp d a978607812710814aRA1051bJ551 aJIMÉNEZ Moles, María Isabeleautora10aMedicina y Química Forense c / Maria Isabel Jiménez Moles3 aMéxicob: Ubijusc, 2011 a160 páginasc; 23 cm aNociones preliminares de la anatomía Tanatología forense Traumatología forense Asfixiología Sexologia forense Obstetricia forense Química forense (aspectos químico- forenses) 10aMEDICINA LEGAL 20aQUIMICA FORENSE